| 000 | 01092nam a22002537a 4500 | ||
|---|---|---|---|
| 001 | 76913 | ||
| 003 | BD-RjUL | ||
| 005 | 20211209082914.0 | ||
| 008 | 200204s2019 bg ||||| |||| 00| 0 ben d | ||
| 020 | _a9789843459404 | ||
| 035 | _a(BD-RjUL)77137 | ||
| 040 |
_aBD-RjUL _beng _cBD-RjUL |
||
| 041 | _aeng | ||
| 082 |
_223 _a297.61 _bASR 2019 |
||
| 100 |
_9238744 _aআসাদুল্লাহ, আবু নোমান মো. |
||
| 245 |
_aরাজশাহীর প্রথম ইসলাম প্রচারক তুরকান শাহ শহীদ / _cআবু নোমান মো. আসাদুল্লাহ |
||
| 260 |
_aরাজশাহী : _bহেরিটেজ রাজশাহী, _c২০১৯ |
||
| 300 |
_a২০৮ পৃ. ; _c২২ সেমি. |
||
| 490 | _aবরেন্দ্র জীবনী গ্রন্থমালা-৪ | ||
| 504 | _aবিবলিওগ্রাফি ও ইনডেক্স সম্বলিত। | ||
| 600 |
_aShahid, Turkan Shah _9238886 |
||
| 650 |
_aIslamic preaching _9238885 |
||
| 942 |
_2ddc _cBK |
||
| 999 |
_c76913 _d76913 |
||